| 000 | 00610nam a2200181Ia 4500 | ||
|---|---|---|---|
| 003 | GCL | ||
| 008 | 140319s9999 xx 000 0 ara d | ||
| 040 |
_aGCL / _cGCL |
||
| 082 | 0 | 4 |
_a250 _bا ف |
| 100 | 1 | _aاحمد يوسف | |
| 245 | 1 | 0 |
_aالفقه الاسلامى : _bتطوره - اصوله - قواعده الكلية / _cاحمد يوسف |
| 260 |
_aالقاهرة : _bدار الثقافة العربية ، _c1990 |
||
| 300 |
_a391 ص ؛ _c24 سم |
||
| 650 | 0 | 4 | _aالاسلام |
| 650 | 0 | 4 | _aالفقه الاسلامى |
| 650 | 0 | 4 | _aالفقه الاسلامى - تاريخ |
| 942 |
_2ddc _cBK |
||
| 999 |
_c31774 _d31774 |
||